| 000 | 00512nam a2200181Ia 4500 | ||
|---|---|---|---|
| 008 | 240925s9999 xx 000 0 und d | ||
| 020 | _a8176354139 | ||
| 082 | _a005.133 PER | ||
| 100 | _aPerry, Greg | ||
| 245 | 0 | _aSams Teach Yourself Visual Basic 6 in 24 hours | |
| 250 | _aNA | ||
| 260 |
_aIndia: _bTechmedia publications _c,2002. |
||
| 300 |
_axxiv,733p. _bNA _fOriginal |
||
| 500 | _aIncludes Index | ||
| 600 | _aComputer Science | ||
| 650 | _aComputer science, information & general works | ||
| 942 | _cBK | ||
| 999 |
_c7501 _d7501 |
||